000 00910cam a2200169 4500500
005 20260111085034.0
041 _afre
042 _adc
100 1 0 _aDe Féo, Agnès
_eauthor
245 0 0 _aIntroduction
260 _c2008.
500 _a66
520 _aL’hommage de Flaubert au Liban tient dans « le coup de poing » qu’il a reçu devant la beauté des paysages et de la flore, l’abondance des parfums, et dans la nostalgie du « ça ne durera pas, hélas, la civilisation va venir tout détruire ! ».
520 _aFlaubert’s homage to Lebanon is a hymn to its beauty, its perfumes, its landscapes, and a nostalgic good-bye to the doomed Orient western civilisation is going to invade…
786 0 _nLes Cahiers de l'Orient | 92 | 4 | 2008-12-21 | p. 9-14 | 0767-6468
856 4 1 _uhttps://shs.cairn.info/revue-les-cahiers-de-l-orient-2008-4-page-9?lang=fr&redirect-ssocas=7080
999 _c1617568
_d1617568